| 000 | 00671nam a22002177a 4500 | ||
|---|---|---|---|
| 003 | OSt | ||
| 005 | 20240627062214.0 | ||
| 008 | 240627b |||||||| |||| 00| 0 eng d | ||
| 020 | _a9781119434818 | ||
| 040 |
_aDWC- Main Lib _cOC |
||
| 082 | _aCirc. 371.1 P173t 2017 | ||
| 100 | _aPalmer , Parker J. | ||
| 245 |
_aThe courage to teach guide : _bfor reflection & renewal/ _cParker J. Palmer. |
||
| 260 |
_bSan Francisco, Calif. : _aJossey - Bass , _cc2017. |
||
| 300 |
_aix, 176 pages : _billustrations ; _c23cm. |
||
| 504 | _aIncludes bibliographical references. | ||
| 650 | _a1. Teachers | ||
| 650 | _a2. Teaching | ||
| 650 | _a3. Learning | ||
| 942 |
_2ddc _cBK-CIRC _n1 |
||
| 999 |
_c1502 _d1502 |
||